Movies Quiz

Random Movies or Vocabulary Quiz

Movies by Synonyms Quiz Stats

 Plays Quiz Updated Dec 7, 2017

Support Sporcle.
Go Orange.
Score 0/20 Timer 05:00
5 Plays Today
Synonymous Title Movie Title % Correct
AutomobilesCars
96.8%
One Dozen Enraged Males12 Angry Men
82.5%
Cab OperatorTaxi Driver
81.7%
The Noise of MelodyThe Sound of Music
75.3%
The Pain TrunkThe Hurt Locker
69.2%
The Doe StalkerThe Deer Hunter
68.2%
A Few Appreciate It SweltrySome Like It Hot
61.4%
Altercation GuildFight Club
57%
Expired Fellow ShufflingDead Man Walking
56.6%
Armageddon PromptlyApocalypse Now
56.2%
Synonymous Title Movie Title % Correct
Cropland of FantasyField of Dreams
53.1%
Exchanging PositionsTrading Places
49.5%
Basin CaninesReservoir Dogs
46.4%
An Exquisite CognizanceA Beautiful Mind
46%
Appealing in RosePretty In Pink
45.8%
ReallyawfulSuperbad
45.7%
NiceburgPleasantville
43.5%
Accomplish the Correct ObjectiveDo The Right Thing
37.7%
Bureau AreaOffice Space
23.6%
The Gloomy HorsemanThe Dark Knight
20.9%

You're not logged in!

Compare scores with friends on all Sporcle quizzes.
OR
Log In

From the Vault

Best Toilet Coverage

by wasteoflawtime

Everybody has to go sometime.
Remove Ads.
Support Sporcle.
Get the best of Sporcle when you Go Orange. This ad-free experience offers more features, more stats, and more fun while also helping to support Sporcle. Thank you for becoming a member.

Show Comments

Extras

Top Quizzes Today


Score Distribution

Your Account Isn't Verified!

In order to create a playlist on Sporcle, you need to verify the email address you used during registration. Go to your Sporcle Settings to finish the process.

Report this User

Report this user for behavior that violates our Community Guidelines.

Details: